000 00657nam a2200229Ia 4500
003 OSt
005 20220928141350.0
006 a|||||r|||| 00| 0
007 ta
008 220927b |||||||| |||| 00| 0 eng d
024 _a14605
037 _cTextual
040 _aSDCL
_cSDCL
_beng
041 _2eng
_aeng
082 _aX:8:(S:44), K5
100 _aLawrence Paul R
_9499804
245 0 _aOrganizational behavior and administration
_b Cases concepts and research findings
260 _c1965
700 _a Seiler John A
_9499805
942 _hX:8:(S:44), K5
_cTEXL
_2CC
999 _c817014
_d817014